| 000 | 00000nas 2200000zi 4500 |
| 001 | 9.894832 |
| 003 | CaOODSP |
| 005 | 20250619121206 |
| 006 | m o d f |
| 007 | cr cn |||||||| |
| 008 | 201221c20209999oncmr p os f0###b0fre|d |
| 022 | |a2819-4098 |
| 040 | |aCaOODSP|bfre|erda|cCaOODSP |
| 043 | |an-cn--- |
| 086 | 1 |aFR3-2F-PDF |
| 222 | 0|aRapport mensuel sur le commerce mondial |
| 245 | 00|aRapport mensuel sur le commerce mondial / |cLe Bureau de l'économiste en chef. |
| 264 | 1|a[Ottawa] : |bAffaires mondiales Canada = Global Affairs Canada, |c[2020]- |
| 310 | |aMensuel |
| 336 | |atexte|btxt|2rdacontent/fre |
| 337 | |ainformatique|bc|2rdamedia/fre |
| 338 | |aressource en ligne|bcr|2rdacarrier/fre |
| 362 | 1 |aParaît depuis : Octobre 2020. |
| 500 | |aPublié aussi en anglais sous le titre : Monthly trade report. |
| 588 | |aDescription d'après : Octobre 2020; titre de la page couverture du fichier PDF. |
| 588 | |aDernière livraison consultée : Septembre 2024. |
| 650 | 6|aCommerce|zCanada|vStatistiques|vPériodiques. |
| 655 | 7|aStatistiques|2rvmgf |
| 655 | 7|aPériodiques|2rvmgf |
| 710 | 1 |aCanada. |bAffaires mondiales Canada, |eorganisme de publication. |
| 710 | 1 |aCanada. |bBureau de l'économiste en chef, |eorganisme de publication. |
| 775 | 08|tMonthly trade report / |w(CaOODSP)9.894830 |